Rozhodnutia Európskeho súdu pre ľudské práva

Bibliographic Details
Format: Article
Language:Slovak
ISSN:1335-6461
Subjects:

MARC

LEADER 00000nab a2200000 a 4500
001 vtls008841176
003 SK-MaSNL
005 20260304143628.0
008 250505c2006 xo mr|p|||||||000 b|slo
015 |a SNBRB2006/08 
035 |a (uuid)a5ab0fc8-4881-4bc4-b659-60162dcb63dc 
035 |a urn:nbn:sk:snk-abxpa 
035 |a (urnnbn)urn:nbn:sk:snk:ar-003ffw 
038 |a SNKBUCL 
040 |a SNKBUCL  |b slo  |c SNKBUCL  |e AACR2 
041 0 |a slo 
044 |a xo  |c SK 
080 |a 341.231.14  |2 1997 
245 0 0 |a Rozhodnutia Európskeho súdu pre ľudské práva 
650 0 7 |a ľudské práva  |2 snkbucl  |9 798 
773 0 |t Justičná revue  |g Roč. 58, č. 6-7 (2006)  |g Roč. 58, č. 6-7 (2006), s. 1-151  |x 1335-6461 
773 0 |t Judikatúra Európskeho súdu pre ľudské práva  |g Roč. 58, č. 6-7 (2006)  |g Roč. 58, č. 6-7 (2006), s. 1-151  |x 1335-6461 
850 |a Slovenská národná knižnica 
852 |a Slovenská národná knižnica 
954 |a odborná, vedecká literatúra pôvodná (slovenská)  |2 lita 
958 |a article27 
958 |a OND 
958 |a SK 
958 |a EUIPO 
999 |c 2926621  |d 2928551